000 01172cab a22001935a 4500
001 L156420
008 120518e2012 xxk 000 0 eng d
035 _a(Sirsi) u156420
041 0 _aeng
110 2 _aProperty Week
_91549
245 0 0 _aRetail warehousing comes under the cosh
260 _c2012
490 0 _aProperty Week
_v78(19) 11 May 2012, 30(1)
520 _aPrime yields edged up to 5.78% in April with retail warehouse the sector most under pressure. Cushman & Wakefield's latest UK property market investment briefing shows prime yields rising by 0.02% during the month. In contrast to retail warehouses business space sectors have been more stable: industrial, distribution and London offices remained unchanged; and national offices were up by 25 basis points. Property and location quality are still the factors dividing the market rather than sector. Investors are tightening their definition of prime with the gap between prime and secondary set to widen further. Table cover prime property compartive yields across all sectors 2007-April 2012
590 _aKA
651 4 _aUnited Kingdom
690 _aCommercial property
_96227
942 _n0
999 _c84005
_d84005